=LDR 00000nam 2200000 4500 =001 INLIS000000000000408 =005 20201120085418 =035 ##$$a 0010-061300000000408 =008 201120################g##########0#ind## =041 ##$$a Ind =082 ##$$a 330.959 8 =090 ##$$a 330.959 8 Wid e =100 ##$$a Widoatmojo, Sawidji =245 1#$$a Ekonomi Indonesia pasca boom minyak : $b Analisis kebijaksanaan ekonomi tanpa dominasi migas /$c Sawidji Widoatmodjo =260 ##$$a Yogyakarta :$b Gajah Mada University Pres,$c 1991 =300 ##$$a xi, 167 hlm. : $b Ilus ; $c 21 x 15 cm. =650 #4$$a Ekonomi-Indonesia =850 ##$$a NBPNMAT =020 ##$$a 979-420-222-3 =084 ##$$a 330.959 8 WID e =990 ##$$a DW99000238 =990 ##$$a DW99000239 =990 ##$$a 00085420 =990 ##$$a 1199701421